Представление документа в формате MARC21

ПолеНазваниеЗначение
  Тип записи a
  Библиографический уровень m
001 Контрольный номер RU\infra-m\znanium\bibl\2234384
005 Дата корректировки 20260429142133.4
008 Кодируемые данные 251119s2025 RU g rus u
020 Индекс ISBN __
a ISBN 978-5-9614-4473-5
040 Источник каталогиз. __
a Служба первич. каталог. Общество с ограниченной ответственностью «ЗНАНИУМ»
041 Код языка издания __
a Код языка текста rus
044 Код страны публикации __
a Код страны публикации RU
080 Индекс УДК __
a Индекс УДК 15
084 Индекс другой классификации/Индекс ББК __
2 Источник индекса rubbk
a Индекс другой классификации/Индекс ББК 882
084 Индекс другой классификации/Индекс ББК __
2 Источник индекса okso
a Индекс другой классификации/Индекс ББК 37.03.01
100 Автор __
a Автор Фоер Д.
q Полное имя Фоер Джошуа
245 Заглавие __
a Заглавие Эйнштейн гуляет по Луне: Наука и искусство запоминания
b Продолж. заглавия Научно-популярная литература
250 Сведения об издании __
a Основные сведения об издании 1
260 Выходные данные __
a Место издания Москва
b Издательство ООО "Альпина Паблишер"
c Дата издания 2026
300 Физическое описание __
a Объем 272 с.
520 Аннотация __
a Аннотация В среднем каждый из нас тратит примерно 40 дней в году чтобы вспомнитьте или иные события факты или имена. Только представьте насколько выше была бы ваша производительность если бы вы сумели улучшить свою память так как это удалось Джошуа Фоеру. Всего за год он превратился из человека вечно забывающего о дне рождении своей девушки в победителя чемпионата США по запоминанию а вскоре — в автора мирового бестселлера посвященного памяти. В книге рассказывается о 12 месяцах которые автор провел пытаясь постичь свою память — ее внутренние механизмы естественные способы защиты скрытый потенциал — и натренировать ее. Это в сущности рассказ о том какое место память занимает в жизни всего человечества и каждого из нас. Как менялась функция памяти в течение тысячелетий? Какова роль техник запоминания в прошлом и настоящем? Может ли любой человек развить свою память до совершенства? И надо ли это? Вы узнаете как нужно тренировать память и каким образом методики запоминания могут быть полезны в повседневной жизни.
521 Примеч. о цел. назн. __
a Примеч. о целев. назн. Дополнительное образование
650 Тематические рубрики __
a Основная рубрика Психология
x Основная подрубрика Популярная литература по психологии
655 Указ. предметных рубрик (устаревшее) __
a Жанр/ форма (устаревшее) Научно-популярная литература
856 Электронный адрес документа 4_
a Имя сервера/домена znanium.ru
m Помощь ebs_support@infra-m.ru
n Местонахождение сервера НИЦ ИНФРА-М
u URL https://znanium.ru/catalog/document?id=473172
856 Электронный адрес документа 48
a Имя сервера/домена znanium.ru
d Путь /cover/2234
f Электронное имя 2234384.jpg
q Тип электронного формата image/jpeg
u URL https://znanium.ru/cover/2234/2234384.jpg
911 __
u 0030=https://znanium.ru/catalog/document?id=473172